000 00705nam a2200229 i 4500
001 37492
003 ES-MaACL
005 20230906155602.0
007 t|
008 030307q1923 sp f |||| |dspa d
080 _a73 Clará, José
100 1 _aClará, José (
_d1878-1958)
_938989
245 1 0 _aJosé Clará /
_c[texto, José Francés].
260 _aMadrid :
_b[s.n.],
_c[h. 1923] (
_fTip. Artística)
300 _a16 p., 41 h. de lám. ;
_c21 cm.
490 1 _aMonografías de arte
600 1 4 _aClará, José (
_d1878-1958)
_938989
700 1 _aFrancés, José,
_d1883-1964
_952141
830 0 _aMonografías de arte
_9179845
852 _aES-MaACL
_jF-5778
999 _c37492
_d37492